=LDR 00000nam 2200000 4500 =001 001053 =005 20250713083955 =035 ##$$a 0010-0725000934 =007 ta =008 250713################a##########0#ind## =020 ##$$a 978-623-472-355-7 =082 ##$$a 398.209 598 =084 ##$$a 398.209 598 BAN p =100 #$$a Bannerjee, Kanchan =245 1#$$a Pohon Mangga /$c Kanchan Bannerjee =250 ##$$a Cetakan Pertama =260 ##$$a Jakarta Timur :$b Badan Pengembangan dan Pembinaan Bahasa,$c 2022 =300 ##$$a 18 hal : $b ilus. ; $c 22,9 cm =856 ##$$a TBM AS SUHADA =990 ##$$a TBM202400977